LIBRARY & INFORMATION CENTRE, KCAET, TAVANUR

ONLINE PUBLIC ACCESS CATALOGUE (OPAC)

Theory of my Time / (Record no. 1228)

MARC details
000 -LEADER
fixed length control field 00351cam a2200145ua 4500
041 ## - LANGUAGE CODE
Language code of text/sound track or separate title eng
082 ## - DEWEY DECIMAL CLASSIFICATION NUMBER
Classification number 928.24
Item number REE/TH
100 ## - MAIN ENTRY--AUTHOR NAME
Personal name Ress, Richard .
245 ## - TITLE STATEMENT
Title Theory of my Time /
260 ## - PUBLICATION, DISTRIBUTION, ETC. (IMPRINT)
Place of publication London :
Name of publisher Secker & Warburg ,
Year of publication 1963.
300 ## - PHYSICAL DESCRIPTION
Number of Pages 239 ; .
942 ## - ADDED ENTRY ELEMENTS (KOHA)
Koha item type Books
Holdings
Withdrawn status Lost status Damaged status Home library Current library Date acquired Cost, normal purchase price Full call number Accession Number Koha item type
Withdrawn     KAUAET KAUAET 07/04/2012 30.00 928.24 6794 Books
free website counter